ბათუმის შოთა რუსთაველის სახელმწიფო უნივერსიტეტის ბიბლიოთეკა

ჩართული სიტყვები და გამოთქმები ახალ ქართულ სალიტერატურო ენაში (ბიბ.ჩანაწერი № 51123)

000 -LEADER
fixed length control field 01065nam a2200253Ia 4500
001 - CONTROL NUMBER
control field 18080
003 - CONTROL NUMBER IDENTIFIER
control field GE_BSU
008 - FIXED-LENGTH DATA ELEMENTS--GENERAL INFORMATION
fixed length control field 181216s||||||||xx |||||||||||||| ||und||
020 ## - INTERNATIONAL STANDARD BOOK NUMBER
International Standard Book Number 9994025686
040 ## - CATALOGING SOURCE
Transcribing agency GE_BSU
080 ## - UNIVERSAL DECIMAL CLASSIFICATION NUMBER
Universal Decimal Classification number 811.353.1
100 ## - MAIN ENTRY--PERSONAL NAME
Personal name ახვლედიანი, დიანა
245 ## - TITLE STATEMENT
Title ჩართული სიტყვები და გამოთქმები ახალ ქართულ სალიტერატურო ენაში
245 ## - TITLE STATEMENT
Statement of responsibility, etc. რეე. ვ.იმნაიშვილი
260 ## - PUBLICATION, DISTRIBUTION, ETC.
Place of publication, distribution, etc. ბათუმი
260 ## - PUBLICATION, DISTRIBUTION, ETC.
Name of publisher, distributor, etc. ბათუმის უნ-ტი
260 ## - PUBLICATION, DISTRIBUTION, ETC.
Date of publication, distribution, etc. 2006
300 ## - PHYSICAL DESCRIPTION
Extent 139გვ.21სმ.
300 ## - PHYSICAL DESCRIPTION
Accompanying material ბიბლიოგრ. გვ.127-129. გამოყენ. ტექსტი გვ.130-131
520 ## - SUMMARY, ETC.
Summary, etc. რეზ. რუს. ენ.
653 ## - INDEX TERM--UNCONTROLLED
Uncontrolled term ჩართული სიტყვები და გამოთქმები ახალ ქართულ სალიტერატურო ენაში
942 ## - ADDED ENTRY ELEMENTS (KOHA)
Koha item type წიგნი
ეგზემპლარები
Withdrawn status Lost status Damaged status Not for loan Date acquired Barcode Date last seen Price effective from Koha item type
        2018-12-17 46140 2018-12-17 2018-12-17 წიგნი
        2018-12-17 46141 2018-12-17 2018-12-17 წიგნი
        2018-12-17 941 2018-12-17 2018-12-17 წიგნი
        2018-12-17 46305-5ლ 2018-12-17 2018-12-17 წიგნი